00865nam a2200205 a 4500001000900000005001700009008004100026020001500067040001800082050002400100100001900124245012600143260003900269300004200308500011500350500003500465504003200500650007100532650005600603BRCA_35420190320202954.0891120s1990 nyua---##c---#000-0#eng-# a0807612308 aDLCcDLCdDLC 4aND1053.4b.M86 19901 aMurase, Miyeko10aMasterpieces of Japanese Screen Paintingbthe American Collectionscintroductory essay and commentaries by Miyeko Murase. aNueva YorkbGeorge Brazillerc1990 a232 p.bil. (algunas a color)c32 cm. aIncluye glosario, biografías de los artistas, índice de artistas, índice de la pantalla pinturas y fotos aDonación Fundación Japón aBibliografía : p. 223-22814aBiombo japonesvCatálogosyPeriodos Kamakura-Momoyama, 1185-160014aBiombo japonesvCatálogosyPeriodo Edo, 1600-1868